| 000 | 02965cam a2200349 a 4500 | ||
|---|---|---|---|
| 001 | 15979587 | ||
| 005 | 20170105102842.0 | ||
| 008 | 091110s2010 nyua b 001 0 eng | ||
| 010 | _a 2009045293 | ||
| 020 | _a9780415961103 | ||
| 020 | _a0415961106 | ||
| 035 | _a(OCoLC)ocn465330240 | ||
| 040 |
_aDLC _cDLC _dYDX _dYDXCP _dBWX _dCDX _dNLGGC _dDLC |
||
| 050 | 0 | 0 |
_aPN4784.C615 _bI36 2010 |
| 082 | 0 | 0 |
_a070.4/3 _222 |
| 084 |
_a05.33 _2bcl |
||
| 245 | 0 | 0 |
_aInternational journalism and democracy : _bcivic engagement models from around the world / _cedited by Angela Romano. |
| 260 |
_aNew York : _bRoutledge, _c2010. |
||
| 300 |
_aix, 251 p. : _bill. ; _c24 cm. |
||
| 490 | 1 |
_aRoutledge research in cultural and media studies ; _v25 |
|
| 504 | _aIncludes bibliographical references and index. | ||
| 505 | 0 | _aDeliberative journalism. Deliberation and journalism / Angela Romano -- American public journalism versus other international media models / Angela Romano -- Public and citizen journalism. Public journalism in South Africa : experiences and experiments with local and community media / Brett Davidson -- Civic journalism initiatives in Nigeria / Tokunbo (Tokz) Awoshakin -- Sustaining public journalism practices : the Australian experience / Angela Romano -- Public journalism, kiwi style : lingering echoes of a big bang / Margie Comrie and David Venables -- Public journalism in Japan : experiments by a national paper / Yohtaro Hamada -- Civic and citizen journalism in Germany / Klaus Forster -- Public journalism in Finnish mainstream newspapers / Laura Avha -- Citizen voices : public journalism made in Colombia / Ana Maria Miralles (translated by Angela Romano) -- Other deliberative models for peace, participation, development and empowerment. Britain's big issue : street papers as social entrepreneurs / Angela Romano -- Inspiring public participation : environmental journalism in China / Jiannu Bao -- Peace journalism in Indonesia / Gita Widya Laksmini Soerjoatmodjo -- Traditions of public journalism in India / Pradip Thomas -- In the hands of the people : citizen media for revitalising Puerto Rico's poor communities / Angela Romano and Anette Sofía Ruiz Morales -- Viração Magazine : consciousness-raising media for young Brazilians / Paulo Lima and Maria Izabel Leão (translated by Angela Romano and Alice Baroni) -- Conclusions. Ongoing issues for deliberative journalism / Angela Romano. | |
| 650 | 0 | _aCitizen journalism. | |
| 650 | 0 |
_aJournalism _xSocial aspects. |
|
| 650 | 0 |
_aJournalism _xPolitical aspects. |
|
| 700 | 1 | _aRomano, Angela Rose. | |
| 830 | 0 |
_aRoutledge research in cultural and media studies ; _v25. |
|
| 856 | 4 | 2 |
_3Contributor biographical information _uhttp://www.loc.gov/catdir/enhancements/fy1102/2009045293-b.html |
| 906 |
_a7 _bcbc _corignew _d1 _eecip _f20 _gy-gencatlg |
||
| 942 |
_2ddc _cBK |
||
| 999 |
_c13912 _d13912 |
||